|
|
|
|
| LEADER |
00793nab a2200229 i 4500 |
| 001 |
publ14894 |
| 005 |
20190318164400.0 |
| 008 |
190318s2018 hu o 0|| zxx d |
| 022 |
|
|
|a 1588-385X
|
| 024 |
7 |
|
|a 10.14232/abs.2018.2.115-122
|2 doi
|
| 024 |
7 |
|
|a 30408596
|2 mtmt
|
| 040 |
|
|
|a SZTE Publicatio Repozitórium
|b hun
|
| 041 |
|
|
|a zxx
|
| 100 |
1 |
|
|a Feigl Gábor
|
| 245 |
1 |
0 |
|a Exogenous ascorbic acid is a pro-nitrant in Arabidopsis thaliana
|h [elektronikus dokumentum] /
|c Feigl Gábor
|
| 260 |
|
|
|c 2018
|
| 300 |
|
|
|a 115-122
|
| 490 |
0 |
|
|a ACTA BIOLOGICA SZEGEDIENSIS
|v 62 No. 2
|
| 700 |
0 |
1 |
|a Bordé Ádám
|e aut
|
| 700 |
0 |
1 |
|a Molnár Árpád
|e aut
|
| 700 |
0 |
1 |
|a Kolbert Zsuzsanna
|e aut
|
| 856 |
4 |
0 |
|u http://publicatio.bibl.u-szeged.hu/14894/1/2967-ArticleText-3100-1-10-201901302.pdf
|z Dokumentum-elérés
|